| 000 | 004900000a22001690004500 | ||
|---|---|---|---|
| 003 | LK-CoMWRAF | ||
| 008 | 230817t ||||| |||| 00| 0 eng d | ||
| 040 |
_aLK-CoMWRAF _dLK-CoMWRAF _eLK-CoMWRAF |
||
| 041 | _aeng | ||
| 082 |
_a730 _bISM |
||
| 100 | _aIsmail, Jazeema | ||
| 245 |
_aEducation for the reduction of prejudece and the promotion of understanding between ethnic groups with specual reference to Ceylon _b |
||
| 260 | _a | ||
| 300 | _ap.161 | ||
| 650 | _aethnicity | ||
| 942 | _cBK | ||
| 999 |
_c3017 _d3017 |
||